Finančná gramotnosť a finančná exklúzia (vylúčenie) Rakúšanov

Jedinci potrebujú finančnú gramotnosť, aby sa mohli vyrovnať s rastúcou zložitosťou svojich potrieb a ponuky finančných produktov. Keďže finančná gramotnosť obyvateľov únie nie je na požadovanej úrovni, krajiny Európskej únie sa zamerali na opatrenia, prostredníctvom ktorých by sa malo podariť zvýši...

Description complète

Enregistré dans:
Détails bibliographiques
Auteur principal: Adamík, Marián
Format: Chapitre de livre
Langue:slovaque
Sujets:
Tags: Ajouter un tag
Pas de tags, Soyez le premier à ajouter un tag!

MARC

LEADER 00000nla$a2200000$$$4500
001 0144949
005 20240716094850.5
041 0 |a slo 
044 |a SK 
245 1 0 |a Finančná gramotnosť a finančná exklúzia (vylúčenie) Rakúšanov  |c Marián Adamík 
520 |a Jedinci potrebujú finančnú gramotnosť, aby sa mohli vyrovnať s rastúcou zložitosťou svojich potrieb a ponuky finančných produktov. Keďže finančná gramotnosť obyvateľov únie nie je na požadovanej úrovni, krajiny Európskej únie sa zamerali na opatrenia, prostredníctvom ktorých by sa malo podariť zvýšiť finančnú gramotnosť obyvateľstva a dosiahnuť jej primeranú úroveň. Podpora finančnej gramotnosti v Rakúsku. 
610 2 0 |a gramotnosť finančná 
610 2 0 |a negramotnosť 
610 2 0 |a bankovníctvo 
610 2 0 |a bankovníctvo elektronické 
610 2 0 |a Európska únia 
610 2 0 |a Rakúsko 
100 1 |a Adamík, Marián